Bedtime story / (Record no. 106126)
[ view plain ]
| 000 -LEADER | |
|---|---|
| fixed length control field | 00582nam a2200181 a 4500 |
| 005 - DATE AND TIME OF LATEST TRANSACTION | |
| control field | 20140412111423.0 |
| 008 - FIXED-LENGTH DATA ELEMENTS--GENERAL INFORMATION | |
| fixed length control field | 080123s19uu xx 00 eng d |
| 020 ## - INTERNATIONAL STANDARD BOOK NUMBER | |
| International Standard Book Number | 0-8167-0997-1 |
| 050 ## - LIBRARY OF CONGRESS CALL NUMBER | |
| Classification number | ER |
| Item number | Be35 1988 |
| 100 ## - MAIN ENTRY--PERSONAL NAME | |
| Personal name | Greydanus, Rose |
| 245 ## - TITLE STATEMENT | |
| Title | Bedtime story / |
| Statement of responsibility, etc | Rose Greydanus. |
| 260 ## - PUBLICATION, DISTRIBUTION, ETC. (IMPRINT) | |
| Place of publication, distribution, etc | N.J : |
| Name of publisher, distributor, etc | Troll associates, |
| Date of publication, distribution, etc | 1988. |
| 440 ## - SERIES STATEMENT/ADDED ENTRY--TITLE | |
| Title | A first start easy reader |
| 520 ## - SUMMARY, ETC. | |
| Summary, etc | Whwn his children claim they are not sleepy at bedtime, father finds an entertaining way to get them to bed. |
| 650 ## - SUBJECT ADDED ENTRY--TOPICAL TERM | |
| Topical term or geographic name as entry element | Bedtime |
| General subdivision | Fiction |
| 650 ## - SUBJECT ADDED ENTRY--TOPICAL TERM | |
| Topical term or geographic name as entry element | Bears |
| General subdivision | Fiction |
| Withdrawn status | Lost status | Damaged status | Home library | Current library | Shelving location | Date acquired | Source of acquisition | Total Checkouts | Full call number | Barcode | Date last seen | Price effective from | Koha item type |
|---|---|---|---|---|---|---|---|---|---|---|---|---|---|
| Elizalde Library | Elizalde Library | Easy Reading Section | 01/23/2008 | ER Be35 1988 | E11249 | 04/12/2014 | 04/12/2014 | Books |